| 000 | 00539nam a2200181Ia 4500 | ||
|---|---|---|---|
| 999 |
_c11424 _d11424 |
||
| 003 | OSt | ||
| 005 | 20200103103706.0 | ||
| 008 | 190216s9999||||xx |||||||||||||| ||und|| | ||
| 020 | _a9788126114016 | ||
| 040 | _coclc | ||
| 082 |
_a332.10688 _bSHA/M |
||
| 100 |
_aSharma, R D _91038 |
||
| 245 | 0 |
_aMarketing Effectiveness In Banking / _cR D Sharma ; Gurjeet Kaur |
|
| 260 |
_bAnmol Publications, _c2003. _aNew Delhi: |
||
| 300 | _a175p | ||
| 650 | _aEcnomics | ||
| 942 |
_cBK _2ddc _h332.10688 _iSHA/M _k332.10688 _mSHA/M |
||